[Event "Punta del Este Alekhine op"]
[Site "Punta del Este"]
[Date "2020.03.07"]
[Round "3"]
[White "Cabrera Tabeira, Nelson Fabian"]
[Black "Avedisian, Alexander"]
[Result "0-1"]
[WhiteElo "1676"]
[BlackElo "1931"]
[PlyCount "82"]
[EventDate "2020.03.06"]
[EventType "swiss"]
[EventRounds "5"]
[EventCountry "URU"]
[SourceTitle "EXT 2021"]
[Source "ChessBase"]
[SourceDate "2020.10.23"]
[SourceVersion "1"]
[SourceVersionDate "2020.10.23"]
[SourceQuality "1"]

1. Nf3 g6 2. d4 Nf6 3. b3 Bg7 4. Bb2 0-0 5. e3 c5 6. d5 d6 7. c4 a6 8. Bd3 b5 9. 0-0 bxc4 10. bxc4 Nbd7 11. Nbd2 Rb8 12. Qc2 Nb6 13. Ne4 Nbxd5 14. cxd5 Rxb2 15. Qxb2 Nxe4 16. Qa3 Bxa1 17. Rxa1 Nf6 18. e4 c4 19. Bxc4 Nxe4 20. Bxa6 Qb6 21. Re1 Qxf2+ 22. Kh1 Bxa6 23. Qxa6 Rb8 24. Qe2 Rb2 25. Qxf2 Nxf2+ 26. Kg1 Rxa2 27. Rxe7 Nd3 28. g3 Ra5 29. Ng5 Ne5 30. Ne4 Kf8 31. Rc7 Rxd5 32. Nf6 Rd2 33. Nxh7+ Kg7 34. Ng5 d5 35. h4 Kf6 36. Rc3 Kf5 37. Nf3 Nxf3+ 38. Rxf3+ Ke6 39. Re3+ Kf5 40. Rf3+ Kg4 41. Rxf7 Kxg3 0-1